|
|
|
|
| LEADER |
00000nam a2200000 a 4500 |
| 001 |
UCV3540 |
| 003 |
CL-VaPUC |
| 008 |
930825e19930000CL |||||||||||||||||spa|d |
| 082 |
0 |
4 |
|a 302
|b DOC
|2 21
|
| 100 |
0 |
|
|a Dockendorff, Cecilia
|e author
|9 297773
|
| 700 |
0 |
|
|a Salinas, Fresia
|e author
|9 297774
|
| 110 |
2 |
|
|a UNICEF
|e author
|9 297775
|
| 710 |
2 |
|
|a MIDEPLAN
|e author
|9 297776
|
| 245 |
1 |
0 |
|a Solidaridad: la construcción social de un anhelo
|
| 300 |
|
|
|a 190 p
|
| 942 |
|
|
|c BK
|
| 945 |
|
|
|d 19930825 00:00:00
|
| 260 |
|
|
|a Santiago
|b UNICEF
|c 1993
|
| 650 |
|
0 |
|a Solidaridad
|9 259208
|
| 650 |
|
0 |
|a Aspectos sociales
|9 254894
|
| 583 |
|
|
|a last modification
|c 19930825 00:00:00
|k Rodrigo Vera
|
| 999 |
|
|
|c 210704
|d 210702
|
| 952 |
|
|
|0 0
|1 0
|4 0
|6 302_000000000000000_DOC_1993
|7 0
|8 A
|9 187134
|a BIBDER
|b BIBDER
|d 2019-11-14
|i 2548526
|o 302 DOC 1993
|p 2548526
|r 2023-01-25
|w 2019-11-14
|y BK
|k DER
|
| 952 |
|
|
|0 0
|1 0
|4 0
|6 302_000000000000000_DOC_1993
|7 0
|8 A
|9 187135
|a BIBENE
|b BIBENE
|d 2019-11-14
|i 1985124
|o 302 DOC 1993
|p 1985124
|r 2025-01-15
|w 2019-11-14
|y BK
|k ICO
|
| 952 |
|
|
|0 0
|1 0
|4 0
|6 302_000000000000000_DOC_1993
|7 0
|8 A
|9 187136
|a BIBGIM
|b BIBGIM
|d 2019-11-14
|i 1985175
|o 302 DOC 1993
|p 1985175
|r 2025-01-15
|w 2019-11-14
|y BK
|k SSL
|
| 952 |
|
|
|0 0
|1 0
|4 0
|6 302_000000000000000_DOC_1993
|7 0
|8 A
|9 187137
|a BIBGIM
|b BIBGIM
|d 2019-11-14
|i 1985272
|o 302 DOC 1993
|p 1985272
|r 2025-01-15
|w 2019-11-14
|y BK
|k SSL
|
| 952 |
|
|
|0 0
|1 0
|4 0
|6 302_000000000000000_DOC_1993
|7 0
|8 A
|9 187138
|a BIBGIM
|b BIBGIM
|d 2019-11-14
|i 1985221
|o 302 DOC 1993
|p 1985221
|r 2025-01-15
|w 2019-11-14
|y BK
|k SSL
|
| 952 |
|
|
|0 0
|1 0
|4 0
|6 302_000000000000000_DOC_1993
|7 0
|8 A
|9 187139
|a BIBGIM
|b BIBGIM
|d 2019-11-14
|i 1985035
|o 302 DOC 1993
|p 1985035
|r 2025-01-15
|w 2019-11-14
|y BK
|k SSL
|